000 00608nam a2200217Ia 4500
005 20241129115618.0
008 241129s9999||||xx |||||||||||||| ||und||
020 _a9789355725349
037 _aTB
040 _aSDCL
_beng
_cSDCL
041 _aeng
_2eng
084 _aO152,1J32,1:g R3
_qSDCL
100 _aSnell Rupert
_9145555
245 0 _aReading the ramacaritmanas,A Companion Awadhi ramayana of tulsidas
260 _aDelhi
_bPrimus Books
_c2023
300 _avii,503p
365 _aINR
_b995
650 _aHistory
942 _cTB
_hO152,1J32,1:g R3
999 _c1231217
_d1231217